000 01188cam a2200253 4500
001 ##L134260
008 060720n2006 000 0 eng u
035 _a(Sirsi) u135274
041 0 _aeng
050 0 4 _a333.33 $2 18
110 2 _aDonaldsons
_93333
245 0 0 _aDonaldsons retail spotlight
_vsecond quarter 2006
260 _aLondon
_bDonaldsons
_c2006
490 0 _aDonaldsons Retail Spotlight
505 2 _aRetail sector summary -- High street shops -- Retail warehouses -- Shopping centres -- What has changed?
520 _aReports the latest retail performance and trends based on "IPD monthly index" statistics. States that retail sector rental growth rate has eased slightly in the second quarter alongside retails' rate of yield. Remarks that shopping centres started the summer with the best rental growth but also the highest voids and most overrenting.
590 _aIKA171006
650 2 4 _aDONALDSONS RETAIL SPOTLIGHT
650 2 4 _aIPD MONTHLY INDEX
651 4 _aUnited Kingdom
_y
690 _aPROPERTY-COMMERCIAL PROPERTY-RETAIL PROPERTY
856 4 0 _uhttps://www.donaldsons.co.uk/
_zView the item free of charge at www.donaldsons.co.uk...
942 _n0
999 _c105975
_d105975